000 00506nam a2200181Ia 4500
005 20250326124225.0
008 250326s9999 xx 000 0 und d
037 _aTextbook
040 _aFMSL
_beng
_cFMSL
041 _aeng
_2eng
084 _aX:512y7 L0;M2
_qFMSL
100 _aNewton D A
_9737021
245 0 _aSales force management: text and cases
_cNewton D A
260 _aUSA
_bUSA, Business
_c1982
300 _a275p
942 _cTB
_hX:512y7 L0;M2
999 _c1272818
_d1272818